[Event "Montevideo Autumn op 2nd"]
[Site "Montevideo"]
[Date "2019.05.03"]
[Round "1"]
[White "Busca, Joaquin"]
[Black "Souto, Andres"]
[Result "1-0"]
[WhiteElo "1863"]
[BlackElo "1288"]
[PlyCount "73"]
[EventDate "2019.05.03"]
[EventType "swiss"]
[EventRounds "7"]
[EventCountry "URU"]
[SourceTitle "CBM 190 Extra"]
[Source "ChessBase"]
[SourceDate "2019.07.15"]
[SourceVersion "1"]
[SourceVersionDate "2019.07.15"]
[SourceQuality "1"]

1. c4 e5 2. Nc3 Nf6 3. g3 c6 4. Bg2 d5 5. cxd5 cxd5 6. d3 Bf5 7. Bg5 Be6 8. Nf3 h6 9. Bxf6 gxf6 10. 0-0 Nc6 11. a3 d4 12. Ne4 f5 13. Ned2 Bd6 14. Rc1 Rc8 15. Nc4 Bxc4 16. dxc4 Na5 17. Qa4+ Ke7 18. c5 Rxc5 19. Rxc5 Bxc5 20. b4 Bd6 21. Qxa5 Qxa5 22. bxa5 Rc8 23. Rb1 Rc7 24. Nh4 Kf6 25. a4 e4 26. Bf1 Bc5 27. Ng2 e3 28. fxe3 dxe3 29. Nf4 Rd7 30. Bg2 b6 31. axb6 axb6 32. Nd5+ Ke5 33. Nxb6 Rd2 34. Bf3 Ra2 35. Nd7+ Kd6 36. Rb7 Rxa4 37. Nxc5 1-0

[Event "Montevideo Nazzari Memorial"]
[Site "Montevideo"]
[Date "2019.03.15"]
[Round "3"]
[White "Hiriart, Guillermo"]
[Black "Busca, Joaquin"]
[Result "1/2-1/2"]
[WhiteElo "1909"]
[BlackElo "1831"]
[PlyCount "49"]
[EventDate "2019.03.11"]
[EventType "swiss"]
[EventRounds "7"]
[EventCountry "URU"]
[SourceTitle "CBM 189 Extra"]
[Source "ChessBase"]
[SourceDate "2019.05.31"]
[SourceVersion "1"]
[SourceVersionDate "2019.05.31"]
[SourceQuality "1"]

1. e4 c6 2. d4 d5 3. exd5 cxd5 4. c4 e6 5. Nf3 Nf6 6. Bg5 Be7 7. Nc3 0-0 8. c5 Nc6 9. Rc1 Ne4 10. Bxe7 Nxe7 11. Bd3 f5 12. 0-0 Ng6 13. Re1 Nf4 14. Bf1 g5 15. g3 Ng6 16. b4 Qf6 17. Qb3 g4 18. Ne5 Nd2 19. Nxd5 exd5 20. Qxd5+ Be6 21. Qxb7 f4 22. Re2 fxg3 23. hxg3 Nxe5 24. dxe5 Qh6 25. f4 1/2-1/2

[Event "American Continental 14th"]
[Site "Montevideo"]
[Date "2018.06.07"]
[Round "7"]
[White "Solari, Pablo"]
[Black "Busca, Joaquin"]
[Result "0-1"]
[WhiteElo "1678"]
[BlackElo "1889"]
[PlyCount "106"]
[EventDate "2018.06.01"]
[EventType "swiss"]
[EventRounds "11"]
[EventCountry "URU"]
[SourceTitle "CBM 184 Extra"]
[Source "ChessBase"]
[SourceDate "2018.06.28"]
[SourceVersion "1"]
[SourceVersionDate "2018.06.28"]
[SourceQuality "1"]

1. d4 Nf6 2. Nf3 g6 3. c4 Bg7 4. Nc3 d5 5. cxd5 Nxd5 6. e4 Nxc3 7. bxc3 c5 8. Be3 0-0 9. Be2 Nc6 10. 0-0 cxd4 11. cxd4 Bg4 12. Rb1 b6 13. d5 Na5 14. h3 Bxf3 15. Bxf3 Nc4 16. Bd4 Bh6 17. Re1 Rc8 18. Qd3 Nd2 19. Rb2 Nxf3+ 20. Qxf3 Rc4 21. Be3 Bg7 22. Rbe2 Qc8 23. Bf4 Rd8 24. h4 h5 25. Qg3 Rc3 26. f3 Qc5+ 27. Kh2 Qc4 28. Be5 Bxe5 29. Qxe5 Qc7 30. Qxc7 Rxc7 31. Kg3 b5 32. Kf4 a5 33. g4 hxg4 34. fxg4 Kg7 35. Rb2 b4 36. Ree2 Rc3 37. Re3 Rdc8 38. g5 Rc1 39. Rbb3 f6 40. gxf6+ Kxf6 41. e5+ Kg7 42. d6 exd6 43. exd6 Rd8 44. Rbd3 Rc6 45. Ke5 a4 46. Ke6 b3 47. axb3 axb3 48. Ke7 b2 49. Re1 Rc1 50. Rdd1 b1Q 51. Rxc1 Qb6 52. Re6 Rxd6 53. Rxd6 Qe3+ 0-1

[Event "American Continental 14th"]
[Site "Montevideo"]
[Date "2018.06.02"]
[Round "2"]
[White "Busca, Joaquin"]
[Black "Kulik, Nicolas"]
[Result "1-0"]
[WhiteElo "1889"]
[BlackElo "1367"]
[PlyCount "55"]
[EventDate "2018.06.01"]
[EventType "swiss"]
[EventRounds "11"]
[EventCountry "URU"]
[SourceTitle "CBM 184 Extra"]
[Source "ChessBase"]
[SourceDate "2018.06.28"]
[SourceVersion "1"]
[SourceVersionDate "2018.06.28"]
[SourceQuality "1"]

1. c4 e6 2. g3 f5 3. Bg2 Nf6 4. Nf3 c6 5. 0-0 d5 6. d4 Nbd7 7. Qc2 Be7 8. cxd5 cxd5 9. Bf4 Qb6 10. Nc3 0-0 11. a4 a6 12. a5 Qa7 13. Na4 b6 14. Ng5 Nb8 15. Nxb6 Ne8 16. Nxc8 Qb7 17. Nxe6 Rf6 18. Bxd5 Qxd5 19. Nxe7+ Kf7 20. Nxd5 Rxe6 21. Nc7 Rc6 22. Qb3+ Kf8 23. Nxa8 Nd7 24. Rac1 Rxc1 25. Rxc1 h6 26. Rc8 Ke7 27. Rxe8+ Kf6 28. Qe6# 1-0

[Event "Montevideo Trebejos Autumn op"]
[Site "Montevideo"]
[Date "2018.03.16"]
[Round "5"]
[White "Lopez Falcon, Jorge"]
[Black "Busca, Joaquin"]
[Result "1/2-1/2"]
[WhiteElo "2121"]
[BlackElo "1849"]
[PlyCount "107"]
[EventDate "2018.03.07"]
[EventType "swiss"]
[EventRounds "7"]
[EventCountry "URU"]
[SourceTitle "CBM 183 Extra"]
[Source "ChessBase"]
[SourceDate "2018.04.19"]
[SourceVersion "1"]
[SourceVersionDate "2018.04.19"]
[SourceQuality "1"]

1. d4 Nf6 2. c4 g6 3. Nc3 d5 4. Nf3 Bg7 5. Bf4 0-0 6. e3 c5 7. Be2 cxd4 8. exd4 Nc6 9. c5 Ne4 10. 0-0 Nxc3 11. bxc3 Re8 12. Bb5 Bg4 13. h3 Bxf3 14. Qxf3 e5 15. Be3 Qa5 16. Bxc6 bxc6 17. Rfc1 Rab8 18. dxe5 Bxe5 19. Bd4 Bxd4 20. cxd4 Rb2 21. Rab1 Qb4 22. Qd3 Re4 23. a3 Qd2 24. Qxd2 Rxd2 25. Rb8+ Kg7 26. Rc8 Re6 27. Rc7 Rxd4 28. Rxa7 Rd2 29. Rc7 d4 30. Rd7 Ree2 31. Rf1 Re5 32. Rc1 Ree2 33. Rf1 d3 34. Rd6 Re6 35. Kh2 Kf6 36. Re1 Rxf2 37. Rd1 Rxd6 38. cxd6 Ke6 39. Rxd3 Kd7 40. Kg3 Rf6 41. a4 Rxd6 42. Ra3 Kc7 43. Kf4 f6 44. g4 Kb6 45. Rb3+ Ka5 46. Rb7 Kxa4 47. Rxh7 c5 48. h4 c4 49. h5 gxh5 50. gxh5 Rc6 51. Ra7+ Kb3 52. Kf5 c3 53. h6 c2 54. Ra1 1/2-1/2

[Event "Montevideo Trebejos Autumn op"]
[Site "Montevideo"]
[Date "2018.03.14"]
[Round "4"]
[White "Busca, Joaquin"]
[Black "Carvalho, Guillermo"]
[Result "1/2-1/2"]
[WhiteElo "1849"]
[BlackElo "2194"]
[PlyCount "49"]
[EventDate "2018.03.07"]
[EventType "swiss"]
[EventRounds "7"]
[EventCountry "URU"]
[SourceTitle "CBM 183 Extra"]
[Source "ChessBase"]
[SourceDate "2018.04.19"]
[SourceVersion "1"]
[SourceVersionDate "2018.04.19"]
[SourceQuality "1"]

1. d4 d5 2. c4 e6 3. Nf3 c5 4. e3 Nf6 5. Be2 Nc6 6. Nc3 a6 7. 0-0 Bd6 8. b3 0-0 9. Ba3 Ne4 10. Nxe4 dxe4 11. Nd2 cxd4 12. Bxd6 Qxd6 13. Nxe4 Qe5 14. Bf3 dxe3 15. fxe3 f5 16. Nf2 Qc7 17. Bxc6 Qxc6 18. Qf3 Qxf3 19. gxf3 Bd7 20. Nd3 Bc6 21. Ne5 Rfd8 22. Rad1 Kf8 23. Kg2 Ke7 24. Rd4 Rxd4 25. exd4 1/2-1/2

[Event "Montevideo Trebejos op 11"]
[Site "Montevideo"]
[Date "2017.11.10"]
[Round "2"]
[White "Busca, Joaquin"]
[Black "Ramos Correa, Gabriel"]
[Result "1-0"]
[WhiteElo "1824"]
[BlackElo "1858"]
[PlyCount "37"]
[EventDate "2017.11.08"]
[EventType "swiss"]
[EventRounds "7"]
[EventCountry "URU"]
[SourceTitle "CBM 181 Extra"]
[Source "ChessBase"]
[SourceDate "2017.12.12"]
[SourceVersion "1"]
[SourceVersionDate "2017.12.12"]
[SourceQuality "1"]

1. c4 Nf6 2. g3 e6 3. Bg2 d5 4. d4 Be7 5. Nf3 0-0 6. 0-0 Nbd7 7. Nc3 c6 8. b3 b6 9. cxd5 exd5 10. Bb2 Re8 11. Rc1 Bb7 12. Re1 c5 13. e3 Ne4 14. dxc5 Nxc3 15. Bxc3 Nxc5 16. Nd4 Ne4 17. Bxe4 dxe4 18. Nf5 Bf8 19. Nh6+ 1-0

[Event "Montevideo Trebejos op 11"]
[Site "Montevideo"]
[Date "2017.11.08"]
[Round "1"]
[White "Lanzilotta Mernies, Marcelo"]
[Black "Busca, Joaquin"]
[Result "1/2-1/2"]
[WhiteElo "1992"]
[BlackElo "1824"]
[PlyCount "46"]
[EventDate "2017.11.08"]
[EventType "swiss"]
[EventRounds "7"]
[EventCountry "URU"]
[SourceTitle "CBM 181 Extra"]
[Source "ChessBase"]
[SourceDate "2017.12.12"]
[SourceVersion "1"]
[SourceVersionDate "2017.12.12"]
[SourceQuality "1"]

1. e4 c6 2. d4 d5 3. exd5 cxd5 4. c4 Nf6 5. Nc3 Nc6 6. Bg5 dxc4 7. d5 Ne5 8. Qd4 Nd3+ 9. Bxd3 cxd3 10. Nf3 e6 11. 0-0 Be7 12. Qxd3 exd5 13. Rfe1 0-0 14. Rxe7 Qxe7 15. Nxd5 Qd8 16. Bxf6 gxf6 17. Qd4 Kg7 18. Ng5 Be6 19. Nxe6+ fxe6 20. Qg4+ Kh8 21. Qxe6 Qc8 22. Qe3 Qc6 23. Ne7 Qb5 1/2-1/2

[Event "Montevideo Municipal op"]
[Site "Montevideo"]
[Date "2017.09.01"]
[Round "2"]
[White "Gomez Troccoli, Martin"]
[Black "Busca, Joaquin"]
[Result "1-0"]
[WhiteElo "1906"]
[BlackElo "1805"]
[PlyCount "55"]
[EventDate "2017.08.30"]
[EventType "swiss"]
[EventRounds "7"]
[EventCountry "URU"]
[SourceTitle "CBM 180 Extra"]
[Source "ChessBase"]
[SourceDate "2017.10.06"]
[SourceVersion "1"]
[SourceVersionDate "2017.10.06"]
[SourceQuality "1"]

1. e4 d6 2. d4 Nf6 3. Nc3 Nbd7 4. f4 e5 5. dxe5 dxe5 6. fxe5 Nxe5 7. Qxd8+ Kxd8 8. Bf4 Ng6 9. 0-0-0+ Bd7 10. Bg5 Be7 11. Bc4 Ng4 12. Bxe7+ Kxe7 13. Rd2 c6 14. Bxf7 N6e5 15. Bb3 Rhf8 16. Nh3 Rad8 17. Nd1 c5 18. Bd5 Bc6 19. Ng5 Bxd5 20. exd5 Rd6 21. Re1 Rf5 22. Ne4 Ra6 23. Nxc5 Rxa2 24. Kb1 Ra5 25. Nb3 Ra4 26. h3 Nf6 27. Nc5 Rc4 28. Nd3 1-0

[Event "Montevideo Municipal op"]
[Site "Montevideo"]
[Date "2017.08.30"]
[Round "1"]
[White "Busca, Joaquin"]
[Black "Saralegui Cassan, Mario"]
[Result "1/2-1/2"]
[WhiteElo "1805"]
[BlackElo "2077"]
[PlyCount "104"]
[EventDate "2017.08.30"]
[EventType "swiss"]
[EventRounds "7"]
[EventCountry "URU"]
[SourceTitle "CBM 180 Extra"]
[Source "ChessBase"]
[SourceDate "2017.10.06"]
[SourceVersion "1"]
[SourceVersionDate "2017.10.06"]
[SourceQuality "1"]

1. c4 e6 2. g3 d5 3. d4 Nf6 4. Bg2 Be7 5. Nf3 0-0 6. Nc3 c5 7. cxd5 exd5 8. 0-0 Nc6 9. e3 c4 10. Ne5 Bf5 11. Re1 Rc8 12. Nxc6 bxc6 13. e4 Nxe4 14. Nxe4 dxe4 15. Bxe4 Bxe4 16. Rxe4 Bf6 17. Bf4 Qb6 18. Be5 Bxe5 19. dxe5 Qxb2 20. Rxc4 Qxe5 21. Rac1 Qa5 22. Qb3 c5 23. a4 h6 24. Qb5 Qd2 25. Rxc5 Rb8 26. Qc6 Rb2 27. R5c2 Rxc2 28. Qxc2 Qb4 29. Rb1 Qd4 30. Rd1 Qg4 31. Re1 Rd8 32. Qe4 Qd7 33. Qb4 Qf5 34. Qb5 Qf3 35. Re8+ Rxe8 36. Qxe8+ Kh7 37. Qd7 a6 38. Qd6 Qe2 39. Qd5 Kg6 40. h3 f6 41. g4 Qc2 42. a5 Qe2 43. Kg2 Kh7 44. Qf5+ Kg8 45. Qd5+ Kf8 46. Qa8+ Kf7 47. Qb7+ Kg8 48. Qd5+ Kh8 49. Qc6 Qd3 50. Qc8+ Kh7 51. Qc6 Kh8 52. Qc8+ Kh7 1/2-1/2

[Event "URU-chT Provinces"]
[Site "Montevideo"]
[Date "2017.08.26"]
[Round "3.2"]
[White "Barandiaran, Gabriel"]
[Black "Busca, Joaquin"]
[Result "0-1"]
[WhiteElo "1879"]
[BlackElo "1805"]
[PlyCount "38"]
[EventDate "2017.08.25"]
[EventType "team-swiss"]
[EventRounds "5"]
[EventCountry "URU"]
[SourceTitle "EXT 2019"]
[Source "ChessBase"]
[SourceDate "2018.10.10"]
[SourceVersion "1"]
[SourceVersionDate "2018.10.10"]
[SourceQuality "1"]
[WhiteTeam "Montevideo"]
[BlackTeam "Montevideo VIII"]
[WhiteTeamCountry "URU"]
[BlackTeamCountry "URU"]

1. e4 d6 2. Nf3 Nf6 3. Nc3 Nbd7 4. Bc4 g6 5. Bxf7+ Kxf7 6. Ng5+ Kg8 7. Ne6 Qe8 8. Nxc7 Qd8 9. Nxa8 Nc5 10. Qe2 e5 11. b4 Ne6 12. Qc4 Bd7 13. Nd5 Nxd5 14. exd5 Nd4 15. Nc7 Qc8 16. Qc3 Bg7 17. Kf1 e4 18. Ne6 Bb5+ 19. Ke1 Nxc2+ 0-1

[Event "URU-chTA"]
[Site "Uruguay"]
[Date "2017.07.07"]
[Round "1.3"]
[White "Busca, Joaquin"]
[Black "Muniz, Gonzalo"]
[Result "0-1"]
[WhiteElo "1813"]
[BlackElo "1964"]
[PlyCount "80"]
[EventDate "2017.07.07"]
[EventType "team-swiss"]
[EventRounds "5"]
[EventCountry "URU"]
[SourceTitle "EXT 2018"]
[Source "ChessBase"]
[SourceDate "2017.10.13"]
[SourceVersion "1"]
[SourceVersionDate "2017.10.13"]
[SourceQuality "1"]
[WhiteTeam "Urreta"]
[BlackTeam "Piratas Tablero"]
[WhiteTeamCountry "URU"]
[BlackTeamCountry "URU"]

1. c4 g6 2. g3 Bg7 3. Bg2 Nf6 4. Nf3 0-0 5. 0-0 d5 6. d4 Nc6 7. cxd5 Nxd5 8. e4 Nb6 9. d5 Na5 10. Na3 c6 11. Qe1 Nac4 12. Nxc4 Nxc4 13. Qb4 cxd5 14. exd5 Nb6 15. Rd1 Nxd5 16. Qb3 e6 17. Ng5 h6 18. Nh3 Qb6 19. Bxd5 exd5 20. Qxb6 axb6 21. Nf4 d4 22. Kg2 Rd8 23. Nd3 Be6 24. Bf4 Rxa2 25. Rxa2 Bxa2 26. Bc7 Bd5+ 27. f3 Rc8 28. Bxb6 Rc2+ 29. Nf2 Rxb2 30. Bxd4 Bxd4 31. Rxd4 Bc6 32. g4 Rc2 33. Rd3 Kf8 34. Kg3 Ke7 35. Ne4 Bxe4 36. fxe4 Rc7 37. h4 b5 38. Kf4 Rb7 39. Ke5 f6+ 40. Kd5 Rd7+ 0-1

[Event "Montevideo Trebejos op 03"]
[Site "Montevideo"]
[Date "2017.03.20"]
[Round "7"]
[White "Guisande, Fernando"]
[Black "Busca, Joaquin"]
[Result "1/2-1/2"]
[WhiteElo "1903"]
[BlackElo "1807"]
[PlyCount "74"]
[EventDate "2017.03.06"]
[EventType "swiss"]
[EventRounds "7"]
[EventCountry "URU"]
[SourceTitle "EXT 2018"]
[Source "ChessBase"]
[SourceDate "2017.10.13"]
[SourceVersion "1"]
[SourceVersionDate "2017.10.13"]
[SourceQuality "1"]

1. e4 d6 2. d4 Nf6 3. Nc3 g6 4. Nf3 Bg7 5. h3 c6 6. a4 b6 7. Bg5 0-0 8. Qd2 Re8 9. Bd3 Qc7 10. 0-0 Nbd7 11. Bh6 Bh8 12. Bc4 e6 13. Rfe1 d5 14. exd5 cxd5 15. Bb3 a6 16. Qg5 Bb7 17. Rad1 Rad8 18. Qh4 Ne4 19. Bf4 Qc8 20. Nxe4 dxe4 21. Ng5 h5 22. Nxe4 Bxe4 23. Rxe4 Nc5 24. Ree1 Nxb3 25. cxb3 Rxd4 26. Rc1 Qd7 27. Qg3 Rd3 28. Re3 Rxe3 29. Qxe3 Bxb2 30. Rc7 Qd1+ 31. Kh2 e5 32. Bg5 Bd4 33. Qg3 Qe1 34. Qf3 Rf8 35. Be3 Bxe3 36. fxe3 Qb4 37. e4 Qd2 1/2-1/2

[Event "Montevideo Viernes Trebejos 2nd"]
[Site "Montevideo"]
[Date "2015.10.16"]
[Round "4.7"]
[White "Busca, Joaquin"]
[Black "Shih Ferreira, Yin Chieh"]
[Result "1-0"]
[WhiteElo "1747"]
[BlackElo "1414"]
[PlyCount "105"]
[EventDate "2015.09.28"]
[EventType "swiss"]
[EventRounds "5"]
[EventCountry "URU"]
[SourceTitle "EXT 2024"]
[Source "ChessBase"]
[SourceDate "2023.10.10"]
[SourceVersion "1"]
[SourceVersionDate "2023.10.10"]
[SourceQuality "1"]

1. c4 Nf6 2. Nc3 c6 3. g3 d5 4. Bg2 e6 5. Qc2 Bd6 6. Nf3 0-0 7. 0-0 Re8 8. d3 e5 9. cxd5 cxd5 10. Nb5 Nc6 11. Nxd6 Qxd6 12. a3 Bg4 13. Be3 Rac8 14. Qd1 d4 15. Bd2 Qd7 16. Ng5 h6 17. Ne4 Nxe4 18. Bxe4 f5 19. Bg2 Qf7 20. Rc1 e4 21. dxe4 fxe4 22. f3 exf3 23. exf3 Be6 24. f4 Bd5 25. Rc5 Ne7 26. Qc1 Bxg2 27. Kxg2 Nc6 28. Re1 Re6 29. Rxe6 Qxe6 30. Qc4 Qxc4 31. Rxc4 Re8 32. Kf3 Kf7 33. b4 d3 34. Re4 Rd8 35. Ke3 a6 36. Rc4 Ke6 37. Rc3 Kf5 38. h3 h5 39. Rxd3 Rxd3+ 40. Kxd3 b5 41. Ke3 g5 42. fxg5 Kxg5 43. Ke4+ Kf6 44. Kd5 Ne7+ 45. Kc5 Ke6 46. Kb6 Kd5 47. Kxa6 Kc4 48. g4 hxg4 49. hxg4 Nc6 50. g5 Nb8+ 51. Kb7 Nd7 52. g6 Nf6 53. g7 1-0

[Event "Montevideo Viernes Trebejos 2nd"]
[Site "Montevideo"]
[Date "2015.09.28"]
[Round "1.1"]
[White "Lopez Falcon, Jorge"]
[Black "Busca, Joaquin"]
[Result "1/2-1/2"]
[WhiteElo "2143"]
[BlackElo "1747"]
[PlyCount "102"]
[EventDate "2015.09.28"]
[EventType "swiss"]
[EventRounds "5"]
[EventCountry "URU"]
[SourceTitle "EXT 2024"]
[Source "ChessBase"]
[SourceDate "2023.10.10"]
[SourceVersion "1"]
[SourceVersionDate "2023.10.10"]
[SourceQuality "1"]

1. d4 Nf6 2. c4 g6 3. Nf3 Bg7 4. g3 d5 5. Bg2 0-0 6. 0-0 c6 7. cxd5 Nxd5 8. e4 Nb6 9. h3 N8d7 10. Bf4 c5 11. e5 Nd5 12. Nc3 Nxf4 13. gxf4 Bh6 14. Ng5 cxd4 15. Qxd4 Qb6 16. Qxb6 Nxb6 17. Nd5 Nxd5 18. Bxd5 Bxg5 19. fxg5 Bxh3 20. Rfc1 Rad8 21. Bxb7 Rd2 22. b4 Rb2 23. a3 Rd8 24. Rd1 Rxd1+ 25. Rxd1 a5 26. Rd4 Rb3 27. Bc6 axb4 28. axb4 Be6 29. b5 Kg7 30. Ra4 h6 31. f4 h5 32. Ra8 Bc4 33. Rb8 Rb4 34. b6 Ba6 35. b7 Bxb7 36. Rxb7 Rxf4 37. Rxe7 Rg4+ 38. Kh2 Rxg5 39. Bd5 Rf5 40. Bc4 Kf8 41. Rc7 Rxe5 42. Rxf7+ Ke8 43. Rg7 Rg5 44. Kh3 Kf8 45. Rf7+ Ke8 46. Rh7 Kd8 47. Bf7 Rg1 48. Kh2 Rg5 49. Rh6 Ke7 50. Bxg6 Kf6 51. Bxh5+ Kg7 1/2-1/2

[Event "South America-ch U18 11th"]
[Site "Montevideo"]
[Date "2014.09.14"]
[Round "9"]
[White "Busca, Joaquin"]
[Black "Moura de Lima, Wilian Rither De"]
[Result "0-1"]
[WhiteElo "1734"]
[BlackElo "1947"]
[PlyCount "109"]
[EventDate "2014.09.08"]
[EventType "swiss"]
[EventRounds "9"]
[EventCountry "URU"]
[SourceTitle "EXT 2016"]
[Source "ChessBase"]
[SourceDate "2015.10.08"]
[SourceVersion "1"]
[SourceVersionDate "2015.10.08"]
[SourceQuality "1"]

1. c4 c6 2. Nc3 d5 3. d4 Nf6 4. Nf3 g6 5. cxd5 cxd5 6. Bf4 Nc6 7. e3 a6 8. Bd3 Bg7 9. 0-0 0-0 10. h3 Nb4 11. Bb1 Nc6 12. Na4 Bd7 13. Nc5 b6 14. Nxd7 Qxd7 15. Qd2 Ne4 16. Qe2 Rfc8 17. Bd3 Nb4 18. Nd2 Nxd2 19. Qxd2 Nxd3 20. Qxd3 Qc6 21. Rac1 Qxc1 22. Rxc1 Rxc1+ 23. Kh2 b5 24. Qa3 Bf8 25. Qb3 e6 26. Qa3 Rc6 27. e4 Rac8 28. exd5 exd5 29. Qf3 Bd6 30. h4 h5 31. Bg3 Bxg3+ 32. Kxg3 Rd6 33. Qf4 Re6 34. Qg5 Rc2 35. Qxd5 Rxb2 36. Qd8+ Kg7 37. d5 Rd2 38. Qa8 Rd6 39. Qc8 R2xd5 40. Qc3+ Kg8 41. Qc8+ Kg7 42. Qc3+ Kh7 43. Qc7 Rd7 44. Qc8 a5 45. Qa6 b4 46. Qb6 Re5 47. Qe3 Rc7 48. f3 Rc2 49. Qb3 Rc3 50. Qd1 Ra3 51. Qb1 Rc3 52. Qe1 Rc2 53. Qb1 Rcc5 54. Qb3 Rc7 55. Qd1 0-1

[Event "South America-ch U18 11th"]
[Site "Montevideo"]
[Date "2014.09.11"]
[Round "5"]
[White "Busca, Joaquin"]
[Black "Laenen, Matias"]
[Result "1/2-1/2"]
[WhiteElo "1734"]
[BlackElo "1900"]
[PlyCount "51"]
[EventDate "2014.09.08"]
[EventType "swiss"]
[EventRounds "9"]
[EventCountry "URU"]
[SourceTitle "EXT 2016"]
[Source "ChessBase"]
[SourceDate "2015.10.08"]
[SourceVersion "1"]
[SourceVersionDate "2015.10.08"]
[SourceQuality "1"]

1. c4 e6 2. Nc3 d5 3. d4 c6 4. Nf3 Bd6 5. e3 Nd7 6. Bd3 Ngf6 7. 0-0 0-0 8. Rb1 Qe7 9. cxd5 exd5 10. Qc2 Re8 11. Re1 Ne4 12. Nd2 f5 13. Nf1 Qh4 14. Qe2 Ndf6 15. f3 Ng5 16. Qf2 Qxf2+ 17. Kxf2 Bd7 18. b4 Rac8 19. Na4 Rc7 20. Bd2 h6 21. Rec1 b5 22. Nc5 Bxc5 23. Rxc5 Ne6 24. Rc2 g6 25. Rbc1 Rec8 26. Ra1 1/2-1/2

[Event "South America-ch U18 11th"]
[Site "Montevideo"]
[Date "2014.09.09"]
[Round "3"]
[White "Valderrama Troncoso, Mauricio"]
[Black "Busca, Joaquin"]
[Result "1-0"]
[WhiteElo "1897"]
[BlackElo "1734"]
[PlyCount "167"]
[EventDate "2014.09.08"]
[EventType "swiss"]
[EventRounds "9"]
[EventCountry "URU"]
[SourceTitle "EXT 2016"]
[Source "ChessBase"]
[SourceDate "2015.10.08"]
[SourceVersion "1"]
[SourceVersionDate "2015.10.08"]
[SourceQuality "1"]

1. d4 d5 2. c4 e6 3. Nf3 Nf6 4. g3 Be7 5. Bg2 0-0 6. 0-0 c6 7. Qc2 Nbd7 8. Nbd2 Re8 9. b3 c5 10. Bb2 b6 11. e4 dxe4 12. Nxe4 Bb7 13. Nxf6+ Nxf6 14. dxc5 Bxf3 15. Bxf3 Bxc5 16. Bxa8 Qxa8 17. Rad1 Qf3 18. Qd3 Qg4 19. Kg2 e5 20. f3 Qh5 21. Bc1 e4 22. fxe4 Rxe4 23. Rde1 Rd4 24. Qf3 Qg6 25. Qa8+ Bf8 26. Ba3 Rd2+ 27. Rf2 Rxf2+ 28. Kxf2 Qf5+ 29. Kg2 Nd7 30. Bxf8 Nxf8 31. Qxa7 Qc2+ 32. Kg1 Qd2 33. Qe7 Qxa2 34. Qe3 Qa5 35. Rd1 g6 36. Rd6 b5 37. Qe5 Qa3 38. cxb5 Qxb3 39. b6 Qb1+ 40. Kg2 Qc2+ 41. Kh3 Qc8+ 42. Kh4 h5 43. Qd4 Ne6 44. Qe4 Nc5 45. Qd4 Ne6 46. Qe4 Nc5 47. Qc4 Qf5 48. Rd5 Qf6+ 49. Kh3 Qe6+ 50. Kg2 Nb7 51. Qd4 Qe2+ 52. Kh3 Qe6+ 53. Kg2 Qe2+ 54. Qf2 Qe4+ 55. Qf3 Qc2+ 56. Kh3 Qc8+ 57. g4 hxg4+ 58. Qxg4 Qc3+ 59. Qg3 Qc8+ 60. Kg2 Qc2+ 61. Qf2 Qc6 62. Qd4 Nd6 63. Qc5 Qe8 64. Qxd6 Qe2+ 65. Kg3 Qe3+ 66. Kg4 Qg1+ 67. Kf4 Qf1+ 68. Ke3 Qc1+ 69. Kd4 Qd2+ 70. Kc5 Qc2+ 71. Kb5 Qe2+ 72. Kc6 Qa6 73. Qb8+ Kg7 74. Rd7 Qc4+ 75. Kb7 Qe4+ 76. Kc8 Qc6+ 77. Rc7 Qe8+ 78. Kb7 Qe4+ 79. Rc6 Qg2 80. Qe5+ Kh6 81. Qh8+ Kg5 82. Qf6+ Kh6 83. Qxf7 Qe4 84. Qxg6+ 1-0